CREATIVE CARING OF FRUIT & VEGETABLES (Record no. 7037)

MARC details
000 -LEADER
fixed length control field 00317nam a2200133Ia 4500
008 - FIXED-LENGTH DATA ELEMENTS--GENERAL INFORMATION
fixed length control field 150301s2008 xx 000 0 und d
082 ## - DEWEY DECIMAL CLASSIFICATION NUMBER
Classification number 651.028
Item number SIH
100 ## - MAIN ENTRY--PERSONAL NAME
Personal name SIHOTA, KIKKY
245 ## - TITLE STATEMENT
Title CREATIVE CARING OF FRUIT & VEGETABLES
250 ## - EDITION STATEMENT
Edition statement 1ST
260 ## - PUBLICATION, DISTRIBUTION, ETC. (IMPRINT)
Name of publisher, distributor, etc. LUSTRE PRESS
Date of publication, distribution, etc. 2008
300 ## - PHYSICAL DESCRIPTION
Extent 96
942 ## - ADDED ENTRY ELEMENTS (KOHA)
Source of classification or shelving scheme Dewey Decimal Classification
Koha item type Books
Holdings
Withdrawn status Lost status Source of classification or shelving scheme Damaged status Not for loan Collection code Home library Current library Shelving location Date acquired Source of acquisition Cost, normal purchase price SGTU Bill Number Full call number Barcode Date last seen Bill Date Koha item type
    Dewey Decimal Classification   Not For Loan HOTEL MANAGEMENT SGT Science & Social Sciences Library SGT Science & Social Sciences Library Reference Book 02/07/2015 R.K BOOKS 350.00 SGTU IN568 651.028 SIH HM133 02/07/2015 26/06/2015 Books
    Dewey Decimal Classification   Not For Loan HOTEL MANAGEMENT SGT Science & Social Sciences Library SGT Science & Social Sciences Library Reference Book 02/07/2015 R.K BOOKS 350.00 SGTU IN568 651.028 SIH HM134 02/07/2015 26/06/2015 Books
    Dewey Decimal Classification   Not For Loan HOTEL MANAGEMENT SGT Science & Social Sciences Library SGT Science & Social Sciences Library Reference Book 02/07/2015 R.K BOOKS 350.00 SGTU IN568 651.028 SIH HM135 02/07/2015 26/06/2015 Books